00249nam a2200097Ia 4500008004100000082001700041100001900058245002700077250000800104260003900112191201s2013 xx 000 0 und d a006.7,4bWEH aWILLARD, Wendy 0aHTML A Beginners Guide aRep c2013bTata mc Graw HillaNEW DELHI